<?xml version="1.0" encoding="UTF-8"?><?xml-stylesheet type="text/xsl" href="static/style.xsl"?><OAI-PMH xmlns="http://www.openarchives.org/OAI/2.0/" xmlns:xsi="http://www.w3.org/2001/XMLSchema-instance" xsi:schemaLocation="http://www.openarchives.org/OAI/2.0/ http://www.openarchives.org/OAI/2.0/OAI-PMH.xsd"><responseDate>2026-04-14T04:55:23Z</responseDate><request verb="GetRecord" identifier="oai:www.recercat.cat:20.500.12327/1308" metadataPrefix="marc">https://recercat.cat/oai/request</request><GetRecord><record><header><identifier>oai:recercat.cat:20.500.12327/1308</identifier><datestamp>2025-10-22T11:13:37Z</datestamp><setSpec>com_2072_4428</setSpec><setSpec>com_2072_4427</setSpec><setSpec>col_2072_487898</setSpec></header><metadata><record xmlns="http://www.loc.gov/MARC21/slim" xmlns:dcterms="http://purl.org/dc/terms/" xmlns:xsi="http://www.w3.org/2001/XMLSchema-instance" xmlns:doc="http://www.lyncode.com/xoai" xsi:schemaLocation="http://www.loc.gov/MARC21/slim http://www.loc.gov/standards/marcxml/schema/MARC21slim.xsd">
   <leader>00925njm 22002777a 4500</leader>
   <datafield ind2=" " ind1=" " tag="042">
      <subfield code="a">dc</subfield>
   </datafield>
   <datafield ind2=" " ind1=" " tag="720">
      <subfield code="a">Paniagua, Montserrat</subfield>
      <subfield code="e">author</subfield>
   </datafield>
   <datafield ind2=" " ind1=" " tag="720">
      <subfield code="a">Crespo, Francisco Javier</subfield>
      <subfield code="e">author</subfield>
   </datafield>
   <datafield ind2=" " ind1=" " tag="720">
      <subfield code="a">Alomar, Oscar</subfield>
      <subfield code="e">author</subfield>
   </datafield>
   <datafield ind2=" " ind1=" " tag="720">
      <subfield code="a">Devant, Maria</subfield>
      <subfield code="e">author</subfield>
   </datafield>
   <datafield ind2=" " ind1=" " tag="260">
      <subfield code="c">2021-05-13</subfield>
   </datafield>
   <datafield ind2=" " ind1=" " tag="520">
      <subfield code="a">Flavonoid supplementation may modify the behavior and rumen inflammatory response of fattening bulls, and this could be related to the concentrate presentation (mash or pellet) form. In the present study, 150 Holstein bulls (183.0 ± 7.53 kg BW and 137 ± 1.8 d of age) were randomly allocated to one of eight pens and assigned to control (C) or (BF) (Citrus aurantium, Bioflavex CA, HealthTech Bio Actives, Spain, 0.4 kg per ton of concentrate of Bioflavex CA, 20% naringin). Concentrate (pellet) intake was recorded daily, and BW and animal behavior fortnightly. Animals were slaughtered after 168 d of study, and ruminal epithelium samples were collected for gene expression analyses. Treatment did not affect animal performance; however, BF supplementation reduced agonistic interactions and oral non-nutritive behaviors and increased the time devoted to eating concentrate and ruminating activity (p &lt; 0.05). The gene expression of some genes in the rumen epithelium was greater or tended to be greater in BF than C bulls (bitter taste receptor 16, cytokine IL-25, β-defensin; p &lt; 0.10; pancreatic polypeptide receptor 1 and tumor necrosis factor alpha; p &lt; 0.05). In conclusion, flavonoid supplementation modifies the expression of genes in the rumen epithelium that could be related to inflammation and animal behavior modulation.</subfield>
   </datafield>
   <datafield ind1="8" ind2=" " tag="024">
      <subfield code="a">Paniagua, Montserrat, Francisco Javier Crespo, Anna Arís, and Maria Devant. 2021. "Effects Of Flavonoids Extracted From Citrus Aurantium On Performance, Behavior, And Rumen Gene Expression In Holstein Bulls Fed With High-Concentrate Diets In Pellet Form". Animals 11 (5): 1387. doi:10.3390/ani11051387.</subfield>
   </datafield>
   <datafield ind1="8" ind2=" " tag="024">
      <subfield code="a">2076-2615</subfield>
   </datafield>
   <datafield ind1="8" ind2=" " tag="024">
      <subfield code="a">http://hdl.handle.net/20.500.12327/1308</subfield>
   </datafield>
   <datafield ind1="8" ind2=" " tag="024">
      <subfield code="a">https://doi.org/10.3390/ani11051387</subfield>
   </datafield>
   <datafield ind2="0" ind1="0" tag="245">
      <subfield code="a">Effects of Flavonoids Extracted from Citrus aurantium on Performance, Behavior, and Rumen Gene Expression in Holstein Bulls Fed with High-Concentrate Diets in Pellet Form</subfield>
   </datafield>
</record></metadata></record></GetRecord></OAI-PMH>